[Event "Ruhrgebiet Verbandsklasse Gruppe 2 1516"]
[Site "Germany"]
[Date "2016.04.24"]
[Round "9.8"]
[White "Haeselhoff, Christian"]
[Black "Fischer, Daniel2222"]
[Result "1-0"]
[WhiteElo "1635"]
[BlackElo "1069"]
[PlyCount "67"]
[EventDate "2015.09.06"]
[EventType "team-tourn"]
[EventRounds "9"]
[EventCountry "GER"]
[SourceTitle "EXT 2022"]
[Source "ChessBase"]
[SourceDate "2021.10.06"]
[SourceVersion "1"]
[SourceVersionDate "2021.10.06"]
[SourceQuality "1"]
[WhiteTeam "Gladbeck SG II"]
[BlackTeam "Ickern"]
[WhiteTeamCountry "GER"]
[BlackTeamCountry "GER"]

1. c4 Nf6 2. Nf3 d6 3. Nc3 Nc6 4. d4 Bf5 5. a3 h6 6. e3 e5 7. Be2 Be7 8. 0-0 g5 9. d5 Nb8 10. Nd2 Nbd7 11. e4 Bg6 12. b4 c6 13. Bb2 Qc8 14. Rc1 a6 15. h3 c5 16. Qa4 0-0 17. Qd1 b6 18. Re1 h5 19. g3 Kg7 20. Kg2 Rh8 21. Rh1 Ne8 22. b5 a5 23. Bd3 Nf8 24. Na4 Bd8 25. Qe2 f5 26. exf5 Bxf5 27. Bxe5+ dxe5 28. Qxe5+ Bf6 29. Qxf5 Qc7 30. Ne4 Nh7 31. Rce1 Rf8 32. Nxf6 Rxf6 33. Qxh7+ Kf8 34. Rxe8+ 1-0

[Event "Ruhrgebiet Verbandsklasse Gruppe 2 1516"]
[Site "Germany"]
[Date "2015.09.27"]
[Round "2.8"]
[White "Haeselhoff, Christian"]
[Black "Bartelt, Max Peter"]
[Result "1/2-1/2"]
[WhiteElo "1635"]
[BlackElo "1532"]
[PlyCount "55"]
[EventDate "2015.09.06"]
[EventType "team-tourn"]
[EventRounds "9"]
[EventCountry "GER"]
[SourceTitle "EXT 2022"]
[Source "ChessBase"]
[SourceDate "2021.10.06"]
[SourceVersion "1"]
[SourceVersionDate "2021.10.06"]
[SourceQuality "1"]
[WhiteTeam "Gladbeck SG II"]
[BlackTeam "Muelheim Nord IV"]
[WhiteTeamCountry "GER"]
[BlackTeamCountry "GER"]

1. c4 e6 2. Nc3 d5 3. cxd5 exd5 4. d4 Nf6 5. Nf3 c5 6. Bg5 cxd4 7. Nxd4 Be7 8. e3 0-0 9. Be2 Nc6 10. a3 a6 11. 0-0 Ne4 12. Bxe7 Nxe7 13. Rc1 Nf5 14. Bf3 Nxc3 15. Rxc3 Nh4 16. Rc5 Nxf3+ 17. Qxf3 Be6 18. Rfc1 Qd6 19. Nf5 Bxf5 20. Qxf5 d4 21. Qd5 Qxd5 22. Rxd5 dxe3 23. fxe3 Rfd8 24. Rdc5 g6 25. Rc7 b5 26. R1c2 Kf8 27. Kf2 Ke8 28. Ke2 1/2-1/2